000 00650nam a2200229Ia 4500
003 OSt
005 20220918222355.0
006 a|||||r|||| 00| 0
007 ta
008 220917b |||||||| |||| 00| 0 eng d
024 _a216,691
037 _cTextual
040 _aARTS
_cARTS
_beng
041 _2eng
_aeng
082 _aQ23:22, P2
100 _aGiri Raghunath
_9142994
245 0 _aThe philosophy of the puranas
_b with special reference to the Siva Purana
260 _aVaranasi
_bBhartiya Vidya Sansthan
_c2002
300 _axx, 302p
_ccm.
942 _hQ23:22, P2
_cTEXL
_2CC
999 _c275361
_d275361